| 000 | 01447nam a2200349 a 4500 | ||
|---|---|---|---|
| 999 |
_c149057 _d149057 |
||
| 003 | BLK | ||
| 005 | 20240614171132.0 | ||
| 008 | 180410b bul|||||r ||||||| ||bul|| | ||
| 010 | _aKNG00155295000 | ||
| 040 | _aBLK | ||
| 041 |
_aBUL _cBUL |
||
| 080 |
_aНемска литература _b821.112.2 _x-93-32 _z821.112.2-93-32 |
||
| 100 | 1 |
_aЯнош _eпърви автор _gЕкерт, Хорст _9367592 |
|
| 139 | _aЯнош | ||
| 245 | 1 | 0 |
_aЛари Фари Шмекелари _bПриказна повест _cЯнош; прев. от нем. Николай Димитров Краев. |
| 257 | _aDEU | ||
| 260 |
_aСофия _bОтечество _c1979 _fСофия : ДПК Д. Благоев |
||
| 300 |
_a71 с. _bс ил. _c22 см |
||
| 380 | _aDX | ||
| 500 | _aОриг. загл. Lari, Fari Modelzahn. - Истинското име на авт. е Хорст Екерт. - 45 115 тир. | ||
| 653 | _aдетска литература | ||
| 653 | _aлитература за деца | ||
| 700 | 1 |
_aКраев, Николай Димитров _eпрев. от нем. _9380379 |
|
| 700 | 1 |
_aЕкерт, Хорст _e* _9277249 |
|
| 852 | _aЦб 265899 | ||
| 856 | 4 |
_qpdf _i0.00 _ldisable |
|
| 856 | 4 |
_qpdf _i0.00 _ldisable |
|
| 942 |
_cKNG _n0 _04 _s1 |
||
| 944 |
_aCR _c06.01.2014 _lМира Стойчева _k30532 |
||
| 944 |
_aED _c2023-01-26 _l2023-01-26 _kир |
||
| 999 | _d149057 | ||